Oeuvres de Turgot / (Record no. 166726)

MARC details
000 -LEADER
campo de control de longitud fija 00929nam a22002415i 4500
001 - NÚMERO DE CONTROL
campo de control 166726
003 - IDENTIFICADOR DE NÚMERO DE CONTROL
campo de control ES-MaACL
005 - FECHA Y HORA DE LA ÚLTIMA TRANSACCIÓN
campo de control 20230906213405.0
008 - DATOS DE LONGITUD FIJA--INFORMACIÓN GENERAL
campo de control de longitud fija 991117s1844 fr |||| | fre d
040 ## - FUENTE DE CATALOGACIÓN
Centro catalogador/agencia de origen M-RAJU
Lengua de catalogación spa
Centro/agencia transcriptor M-RAJU
Centro/agencia modificador CCPB | B
100 1# - ENTRADA PRINCIPAL--NOMBRE DE PERSONA
Nombre de persona Turgot, Anne Robert Jacques.
9 (RLIN) 133417
245 10 - MENCIÓN DEL TÍTULO
Título Oeuvres de Turgot /
Mención de responsabilidad, etc. avec les notes de Dupont de Nemours ; augmentée de lettres inédites, des questions sur le commerce ... par Eugène Daire.
260 ## - PUBLICACIÓN, DISTRIBUCIÓN, ETC.
Lugar de publicación, distribución, etc. Paris :
Nombre del editor, distribuidor, etc. Guillaumin,
Fecha de publicación, distribución, etc. 1844.
300 ## - DESCRIPCIÓN FÍSICA
Extensión 2 v. ;
Dimensiones 24 cm.
490 1# - MENCIÓN DE SERIE
Mención de serie Collection des principaux èconomistes ;
Designación de volumen o secuencia 3, 4
650 #4 - PUNTO DE ACCESO ADICIONAL DE MATERIA--TÉRMINO DE MATERIA
Término de materia o nombre geográfico como elemento de entrada Economía-
Subdivisión geográfica Francia-
Subdivisión cronológica S. \RXVIII\R.
9 (RLIN) 234181
700 11 - ENTRADA AGREGADA--NOMBRE PERSONAL
Nombre de persona Nemours, Dupont de,
Término indicativo de función/relación
9 (RLIN) 130439
700 11 - ENTRADA AGREGADA--NOMBRE PERSONAL
Nombre de persona Daire, Eugene,
Término indicativo de función/relación
9 (RLIN) 42459
752 ## - ENTRADA AGREGADA--NOMBRE JERÁRQUICO DEL LUGAR
País o entidad superior Francia -
Ciudad París
830 0# - PUNTO DE ACCESO ADICIONAL DE SERIE-TÍTULO UNIFORME
Título uniforme Collection des principaux èconomistes ;
Designación de volumen o secuencia 3, 4
9 (RLIN) 188371
852 ## - LOCALIZACIÓN
Ubicación ES-MaACL
Número de control de estantería F-4952-4953
Nota libre -- Enc. hol.
Holdings
Estatus retirado Estado de pérdida Estado de daño No para préstamo Colección Biblioteca de origen Biblioteca actual Ubicación en estantería Fecha de adquisición Fuente de adquisición Total de préstamos Signatura topográfica completa Código de barras Visto por última vez Precio de reemplazo Tipo de ítem Koha
        Libros del s. XIX Biblioteca del Ateneo de Madrid Biblioteca del Ateneo de Madrid Depósito 2 17/01/2008     F-4952-4953 1174859 23/02/2023 23/02/2023 Libro impreso antiguo